| 000 | 00659nam a2200253 a 4500 | ||
|---|---|---|---|
| 001 | 14322 | ||
| 003 | BD-JhCC | ||
| 005 | 20250303130520.0 | ||
| 008 | 250302b20172018e a|||| ||a| 001 0 eng d | ||
| 020 | _a9780241339169 | ||
| 035 | _a(BD-JhCC)14322 | ||
| 040 |
_aBD-JhCC _dBD-JhCC |
||
| 041 | _aenglish | ||
| 082 |
_a808.83 _bCAR 2018 |
||
| 100 | _a Carrington,Leonora | ||
| 245 |
_aThe Skeleton's Holiday / _cLeonora Carrington . |
||
| 260 |
_aNew York: _bPenguin Books; _c2018. |
||
| 300 |
_a64 p. : _c16 cm. |
||
| 490 | _aPenguin Modern: 24 | ||
| 500 | _aPenguin Modern: 24 | ||
| 650 | _aEnglish Short stories. | ||
| 942 |
_2ddc _cBK |
||
| 999 |
_c14322 _d14322 |
||